00349nam a22001337a 450000500170000002000110001703500220002808200080005010000090005824500700006726000320013730000360016970000100020520180828123454.0 c205.00 aB-44815, B-044826 a000 aJain aUpkar's national defence academy examination /cby Jain and Gupta aAgrabUpkar prakashanc2002 aVarious paging;c24x18 cm(pbk)  aGupta